000
00334nam a22001577a 4500
003
SGT
020
_a
978-81-312--3601-7
082
_a
615.015
_b
B15S
100
_a
SATYANARAYANA,V
245
_a
BIOCHEMISTRY
250
_a
4TH
260
_a
NEW DELHI
_b
ELSEVIER
_c
2015
300
_a
799
650
_a
BIOCHEMISTRY
942
_2
ddc
_c
BK
_0
13
999
_c
9626
_d
9626